| 000 | 01092pam a2200349 i 4500 | ||
|---|---|---|---|
| 999 |
_c8163 _d8163 |
||
| 001 | 8163 | ||
| 003 | BD-JhCC | ||
| 005 | 20180219091746.0 | ||
| 008 | 810108s1981 cau b 001 0 eng b | ||
| 020 | _a0803910541 | ||
| 020 | _a080391055X (pbk.) | ||
| 035 | _a(BD-JhCC)8163 | ||
| 040 |
_aDLC _cDLC _dDLC _dBD-JhCC |
||
| 041 | _aeng | ||
| 050 | 0 | 0 |
_aRB155 _b.M35 |
| 060 | _aQZ 50 M414g | ||
| 082 | 0 | 0 |
_a362.1/96042 _219 _bMAS 1981 |
| 100 | 1 | _aMassarik, Fred. | |
| 245 | 1 | 0 |
_aGenetic disease control : _ba social psychological approach / _cFred Massarik, Michael M. Kaback. |
| 260 |
_aBeverly Hills : _bSage Publications, _cc1981. |
||
| 300 |
_a168 p. ; _c22 cm. |
||
| 490 | 0 |
_aSage library of social research ; _vv. 116 |
|
| 500 | _aIncludes index. | ||
| 504 | _aBibliography: p. 159-161. | ||
| 650 | 0 |
_aGenetic counseling _xSocial aspects. |
|
| 650 | 0 |
_aGenetic counseling _xPsychological aspects |
|
| 650 | 2 |
_aHereditary diseases _xPrevention and control. |
|
| 650 | 2 | _aGenetics, Medical. | |
| 700 | 1 | _aKaback, Michael M., | |
| 942 |
_2ddc _cBK |
||